Der Mährische Ausgleich - ein Vorbild für die Lösung der Nationalitätenfragen?
| Titel: | Der Mährische Ausgleich - ein Vorbild für die Lösung der Nationalitätenfragen? |
|---|---|
| Verfasser: | |
| In: |
Kontakte und Konflikte, (1993), Seite 337-345 alle Artikel anzeigen |
| Veröffentlicht: | 1993 |
| Format: | Aufsatz |
| Sprache: | Deutsch |
X
alg: 39222285
001A $01999:11-11-16
001B $01999:29-03-21 $t21:48:46.000
001D $01999:11-11-16
001U $0utf8
001X $00
002@ $0Aox
003@ $039222285X
007A $039222285X $aHEB
007T $0Herdc0042798m
010@ $ager
011@ $a1993
021A $aDer @Mährische Ausgleich - ein Vorbild für die Lösung der Nationalitätenfragen?
028A $7138140944 $8Malíř, Jiří$Z1949- [Tp1] $9212161199
031A $h337-345 $j1993
039B $aIn $8--Aauc--. @Kontakte und Konflikte. - Horn {[u.a.] : Waldviertler Heimatbund, 1993. - 553 S.. - Ill., graph. Darst., Kt.. - ISBN 3-900708-10-X $x199300000000000663 $9027138232
045F $a900.9437109033 $eDDC23BSB
045F/01 $a900
045F/03 $f09033
045F/03 $f9034
045F/03 $f09041
045F/03 $g4371
lok: 39222285 78
exp: 39222285 78 1 #EPN
201B/01 $028-05-18 $t22:45:34.000
201U/01 $0utf8
203@/01 $0788319116
208@/01 $a11-11-16 $be
209A/01 $a/ $f000 $x00
220C/01 $aTitelaufnehmer: nk;an
220C/01 $aHerkunft: HI Marburg
244Z/01 $#Tschechien $#Tschechische Republik $#Tschechische Republik $#Tschechenland $#Tschechei Tschechien $#Česká Republika $#Czech Republic $#ČR $74303381-7 $8--Tg1--Tschechien $x01 $9086659812
244Z/01 $2Trx $#Böhmen $#Bohemia $#Czechy $8--Trx--Čechy $x02 $9391188941
244Z/01 $#Mähren $#Markgrafschaft Mähren $#Kronland Mähren $#Morava $#Markrabství Moravské $#Moravia $#Mehren $#מעהרין $#מדינת מעהרין $74074432-2 $8--Tg1--Mähren $x03 $9085209619
244Z/01 $aGeschichte 1905-1910 $x04
244Z/01 $2Trx $#rahvused $#tautybės $#nationalities $#nemzetiségek $#narodowości $#národnosti $#národnosti $#Nationalitätenkonflikte $#konflikty narodowościowe $#konflikty národnostné $#otázka národnostní $8--Trx--Nationalitäten $x05 $9391381296
244Z/01 $2Trx $#kultuur, poliitiline $#politinė kultūra $#Culture, political $#kultúra, politikai $#kultura polityczna $#kultúra politická $#kultura politická $8--Trx--Kultur, politische $x06 $9391358995
244Z/01 $2Trx $#poliitikud $#politikai $#politicians $#politikus $#politycy $#politici $#politici $#Staatsmänner $#štátnici $#státníci $8--Trx--Politiker $x07 $9391382128
244Z/01 $2Trx $8--Trx--Einzelbeiträge $x08 $9391384570
245Z/01 $a06.03.04 $x01
247C/01 $82080>Marburg/Lahn, Herder-Institut, Forschungsbibliothek, Bibliographieportal $9336309341
| LEADER | 00000caa a22000002c 4500 | ||
|---|---|---|---|
| 001 | 39222285X | ||
| 003 | DE-603 | ||
| 005 | 20210329214846.0 | ||
| 007 | tu | ||
| 008 | 161111s1993 xx |||| | u00||u|ger c | ||
| 035 | |a (DE-599)HEB39222285X | ||
| 040 | |a DE-603 |b ger |c DE-603 |d DE-603 | ||
| 041 | |a ger | ||
| 082 | 0 | 4 | |8 1\u |a 900.9437109033 |q DE-101 |2 23/BSB |
| 085 | |8 1\u |b 900 | ||
| 085 | |8 1\u |z 1 |s 09033 | ||
| 085 | |8 1\u |z 1 |s 9034 | ||
| 085 | |8 1\u |z 1 |s 09041 | ||
| 085 | |8 1\u |z 2 |s 4371 | ||
| 100 | 1 | |a Malíř, Jiří |d 1949- |0 (DE-603)212161199 |0 (DE-588)138140944 |2 gnd | |
| 245 | 0 | 0 | |a Der Mährische Ausgleich - ein Vorbild für die Lösung der Nationalitätenfragen? |
| 264 | 0 | |c 1993 | |
| 773 | 0 | 8 | |i In |t Kontakte und Konflikte |d Horn [u.a.] : Waldviertler Heimatbund, 1993 |h 553 S., Ill., graph. Darst., Kt. |z 390070810X |g (1993), Seite 337-345 |w (DE-603)027138232 |
| 924 | 0 | |9 2080 |a (DE-603)788319116 |b DE-2080 |c HES |d d |g / | |


